| 000 | 00973cam a2200229 4500 | ||
|---|---|---|---|
| 001 | ##L133440 | ||
| 008 | 060508n2006 000 0 eng u | ||
| 035 | _a(Sirsi) u133440 | ||
| 041 | 0 | _aeng | |
| 050 | 0 | 4 | _a694.01 $2 18 |
| 110 | 2 | _aTimber Research and Development Association | |
| 245 | 0 | 0 | _aSurveys of timber frame houses |
| 250 | _aRev. ed. | ||
| 260 |
_aHigh Wycombe _bTRADA _c2006 |
||
| 300 |
_a8p. _c30cm. |
||
| 350 | _a6 | ||
| 490 | 0 | _aTRADA Wood Information Sheet | |
| 520 | _aProvides guidance for building surveyors and construction industry professionals on how to survey timber framed houses. Explains how to confirm the building is timber frame construction and outlines the external and internal surveys. Also looks at measuring the moisture content of external wall panels and structural insulated panel systems. References and further reading. | ||
| 651 | 4 |
_aUnited Kingdom _y |
|
| 690 | _aBUILT ENVIRONMENT-BUILDING INSPECTION | ||
| 942 | _n0 | ||
| 999 |
_c105400 _d105400 |
||